[Event "36th ECC Open 2021"]
[Site "Struga MKD"]
[Date "2021.09.20"]
[Round "3.8"]
[Board "1"]
[White "Donchenko, Alexander"]
[Black "Elsness, Frode"]
[Result "1-0"]
[WhiteTitle "GM"]
[BlackTitle "IM"]
[WhiteElo "2641"]
[BlackElo "2467"]
[WhiteTeam "Skakfelag Selfoss"]
[BlackTeam "Baerum Schakselskap"]
[WhiteFideId "24603295"]
[BlackFideId "1501100"]
[EventDate "2021.09.18"]
[EventType "team"]

1. d4 d5 2. c4 c6 3. Nf3 Nf6 4. Nc3 e6 5. Bg5 dxc4 6. e4 b5 7. e5 h6 8. Bh4 g5
9. Nxg5 hxg5 10. Bxg5 Nbd7 11. g3 Bb7 12. Bg2 Qb6 13. exf6 O-O-O 14. O-O c5 15.
d5 b4 16. Na4 Qa6 17. a3 Bxd5 18. Bxd5 Ne5 19. axb4 Rxd5 20. Qe2 cxb4 21. Nc3
Qd6 22. Nxd5 Qxd5 23. f3 Nd3 24. Be3 Bc5 25. Bxc5 Qxc5+ 26. Kg2 Rd8 27. Rfd1 Rd5
28. Rd2 Re5 29. Qf1 Qd4 30. Rc1 Kb7 31. Rcd1 b3 32. Rxd3 cxd3 33. Qxd3 Qxd3 34.
Rxd3 Re2+ 35. Kh3 Rxb2 36. g4 Rb1 37. g5 Rg1 38. Rxb3+ Kc6 39. Kh4 Rg2 40. h3 a5
41. Kh5 a4 42. Rb4 a3 43. Ra4 a2 44. Kh6 Kb5 45. Ra8 Kb4 46. h4 Kb3 47. Kg7 Rh2
48. Kxf7 Rxh4 49. Rxa2 Kxa2 50. g6 1-0

[Event "36th ECC Open 2021"]
[Site "Struga MKD"]
[Date "2021.09.20"]
[Round "3.8"]
[Board "2"]
[White "Mihajlov, Sebastian"]
[Black "Demchenko, Anton"]
[Result "0-1"]
[WhiteTitle "IM"]
[BlackTitle "GM"]
[WhiteElo "2381"]
[BlackElo "2610"]
[WhiteTeam "Baerum Schakselskap"]
[BlackTeam "Skakfelag Selfoss"]
[WhiteFideId "1512110"]
[BlackFideId "4160258"]
[EventDate "2021.09.18"]
[EventType "team"]

1. e4 c5 2. Be2 Nc6 3. f4 e6 4. Nf3 d5 5. d3 Bd6 6. O-O f6 7. c3 Nge7 8. Be3 O-O
9. Nbd2 b6 10. Kh1 Qc7 11. g3 Bb7 12. Rc1 Rad8 13. Qe1 Qd7 14. a3 a5 15. Rg1 a4
16. Bf1 Bc7 17. Bg2 dxe4 18. dxe4 Na5 19. Qe2 Qd3 20. Qf2 h6 21. h4 Qb5 22. Rb1
f5 23. e5 Nd5 24. Bf1 Qe8 25. Kh2 Bc6 26. Be2 Rd7 27. Rbd1 Qf7 28. Nb1 Rfd8 29.
Bc1 b5 30. Be3 Nxe3 31. Qxe3 Nc4 32. Qc1 Bd5 33. Ne1 g5 34. fxg5 Nxe5 35. Rf1
Kh7 36. Ng2 hxg5 37. hxg5 Rh8 38. Kg1 Kg8 39. Nf4 Rh1+ 40. Kf2 Rh2+ 41. Ke1 Bg2
42. Rxd7 Qxd7 43. Rg1 Nf3+ 44. Kf2 Bh3+ 45. Ng2 Nxg1 0-1

[Event "36th ECC Open 2021"]
[Site "Struga MKD"]
[Date "2021.09.20"]
[Round "3.8"]
[Board "3"]
[White "Antipov, Mikhail Al."]
[Black "Mihajlov, Svetoslav"]
[Result "1-0"]
[WhiteTitle "GM"]
[BlackTitle "CM"]
[WhiteElo "2607"]
[BlackElo "2167"]
[WhiteTeam "Skakfelag Selfoss"]
[BlackTeam "Baerum Schakselskap"]
[WhiteFideId "4107012"]
[BlackFideId "1507168"]
[EventDate "2021.09.18"]
[EventType "team"]

1. e4 e5 2. Nf3 Nc6 3. Bc4 Bc5 4. d3 Nf6 5. O-O d6 6. c3 O-O 7. Re1 a6 8. a4 Ba7
9. h3 h6 10. Nbd2 Ne7 11. Bb3 Ng6 12. d4 c6 13. a5 Re8 14. Bc2 Qc7 15. Nf1 Be6
16. Be3 Rad8 17. Qb1 Qb8 18. Ng3 Qa8 19. Qc1 Kh7 20. Ra4 Bb8 21. Nf5 Bxf5 22.
exf5 Ne7 23. dxe5 dxe5 24. Rh4 e4 25. Bxh6 Nxf5 26. Bxg7+ Kxg7 27. Qg5+ Kf8 28.
Rh8+ Ke7 29. Rxe4+ 1-0

[Event "36th ECC Open 2021"]
[Site "Struga MKD"]
[Date "2021.09.20"]
[Round "3.9"]
[Board "1"]
[White "Westerberg, Jonathan"]
[Black "Jepson, Christian"]
[Result "1/2-1/2"]
[WhiteTitle "GM"]
[BlackTitle "IM"]
[WhiteElo "2526"]
[BlackElo "2407"]
[WhiteTeam "Stocholms SS"]
[BlackTeam "Nordkalotten"]
[WhiteFideId "1701754"]
[BlackFideId "1701185"]
[EventDate "2021.09.18"]
[EventType "team"]

1. e4 g6 2. Nc3 Bg7 3. f4 c6 4. d4 d5 5. e5 Nh6 6. Nf3 f6 7. Bd3 Bg4 8. O-O O-O
9. Be3 e6 10. exf6 Qxf6 11. Ne2 Nf5 12. Qd2 Bxf3 13. Rxf3 Nd7 14. Bf2 Qe7 15. c3
a5 16. Re1 b5 17. g4 Nd6 18. h3 Nc4 19. Qc2 e5 20. Bxc4 bxc4 21. dxe5 Nxe5 22.
Re3 Qf7 23. Rf1 Nd3 24. Rf3 a4 25. Bd4 Bxd4+ 26. Nxd4 c5 27. Ne2 Qe7 28. Qd2
Rab8 29. Rb1 a3 30. b3 Kh8 31. Rbf1 Rbe8 32. Ng3 Ne1 33. R3f2 Nd3 34. Rf3 Ne1
35. R3f2 Qe3 36. Qxe3 Rxe3 37. Kh2 Nd3 38. Rd2 Rxf4 39. bxc4 Rxc4 40. Ne2 Rce4
41. Ng3 Re7 42. Rb1 c4 43. g5 Kg7 44. h4 Rf7 45. h5 gxh5 46. Nxh5+ Kg6 47. Nf6
Re5 48. Rb6 Kxg5 49. Rg2+ Kf4 50. Rb1 Ne1 51. Nxd5+ Ke4 52. Rxe1+ Kxd5 53. Rd1+
Kc5 54. Rd8 Rf3 55. Rc8+ Kd5 56. Rd8+ Kc5 57. Rc8+ Kd5 58. Rd8+ Ke6 59. Rgd2 Rd3
60. R8xd3 cxd3 61. Rxd3 Re2+ 62. Kg3 Rxa2 63. c4 Ra1 64. Kg2 Ra2+ 65. Kg3 Ra1
66. Kg2 a2 67. Rd2 Ke5 68. Rd5+ Ke4 69. Ra5 Kd4 70. c5 Kc4 71. Ra8 Kxc5 72. Kh2
Kd4 73. Ra7 Kc3 74. Ra8 Kb3 75. Rb8+ Kc2 76. Rc8+ Kd3 77. Ra8 Ke4 78. Ra7 Kd5 1/2-1/2

[Event "36th ECC Open 2021"]
[Site "Struga MKD"]
[Date "2021.09.20"]
[Round "3.10"]
[Board "1"]
[White "Markoja, Boris"]
[Black "Dardha, Daniel"]
[Result "1-0"]
[WhiteTitle "IM"]
[BlackTitle "IM"]
[WhiteElo "2453"]
[BlackElo "2521"]
[WhiteTeam "Maribor Poligram"]
[BlackTeam "Schachfreunde Wirtzfeld"]
[WhiteFideId "14608502"]
[BlackFideId "240990"]
[EventDate "2021.09.18"]
[EventType "team"]

1. c4 b6 2. d4 e6 3. e4 Bb4+ 4. Nc3 Bb7 5. f3 f5 6. exf5 Nh6 7. fxe6 Nf5 8. Bf4
dxe6 9. Ne2 O-O 10. Qd2 Nc6 11. O-O-O Qf6 12. Be3 Qg6 13. Ng3 b5 14. Nxf5 exf5
15. cxb5 Ne7 16. Bc4+ Kh8 17. Qc2 a6 18. bxa6 Bxa6 19. Bb3 Bd6 20. h4 Nc6 21. h5
Qe8 22. Qd2 Na5 23. h6 g6 24. d5 Kg8 25. Ba4 Qf7 26. Qd4 Rfb8 27. b3 Rb4 28.
Qg7+ Qxg7 29. hxg7 Nb7 30. a3 Rxa4 31. Nxa4 Bxa3+ 32. Kc2 Bb4 33. Bd2 Bd6 34.
Bc3 Bg3 35. Rxh7 1-0

[Event "36th ECC Open 2021"]
[Site "Struga MKD"]
[Date "2021.09.20"]
[Round "3.11"]
[Board "1"]
[White "Atlas, Valery"]
[Black "Nevednichy, Vladislav"]
[Result "1/2-1/2"]
[WhiteTitle "IM"]
[BlackTitle "GM"]
[WhiteElo "2426"]
[BlackElo "2498"]
[WhiteTeam "Perfect"]
[BlackTeam "Gambit Asseko SEE"]
[WhiteFideId "12000035"]
[BlackFideId "1205730"]
[EventDate "2021.09.18"]
[EventType "team"]

1. e4 c5 2. Nf3 g6 3. d4 cxd4 4. Nxd4 Bg7 5. c4 Nc6 6. Nc2 d6 7. Be2 Nf6 8. Nc3
O-O 9. O-O Nd7 10. Be3 Nc5 11. Nd4 Bd7 12. Rc1 Nxd4 13. Bxd4 Bh6 14. Rc2 Ne6 15.
Nd5 Nxd4 16. Qxd4 Bc6 17. Rd1 Re8 18. Bf3 Bg7 19. Qe3 e6 20. Nb4 1/2-1/2

[Event "36th ECC Open 2021"]
[Site "Struga MKD"]
[Date "2021.09.20"]
[Round "3.11"]
[Board "2"]
[White "Nikolovski, Nikola"]
[Black "Gluhovsky, Mark"]
[Result "1-0"]
[WhiteTitle "IM"]
[WhiteElo "2409"]
[BlackElo "2275"]
[WhiteTeam "Gambit Asseko SEE"]
[BlackTeam "Perfect"]
[WhiteFideId "15002314"]
[BlackFideId "24165514"]
[EventDate "2021.09.18"]
[EventType "team"]

1. e4 c5 2. Nc3 Nc6 3. Bb5 g6 4. Bxc6 dxc6 5. f4 Bg7 6. d3 c4 7. Nf3 cxd3 8.
cxd3 Nf6 9. O-O O-O 10. h3 c5 11. Be3 b6 12. Qe1 Bb7 13. Rd1 Qc7 14. f5 c4 15.
fxg6 fxg6 16. Ng5 cxd3 17. Qh4 Nh5 18. Rxf8+ Rxf8 19. Ne6 Qc4 20. Nxf8 Bxf8 21.
Rf1 Nf6 22. Qf4 Bg7 23. Qb8+ Bc8 24. Rc1 Kf7 25. Nd1 Qxe4 26. Qxc8 Nd5 27. Qc4
Qxc4 28. Rxc4 b5 29. Re4 e5 30. Nf2 Ke6 31. Nxd3 a5 32. Bc5 1-0

[Event "36th ECC Open 2021"]
[Site "Struga MKD"]
[Date "2021.09.20"]
[Round "3.11"]
[Board "3"]
[White "Slavin, Gennadie"]
[Black "Risteski, Emil"]
[Result "1/2-1/2"]
[BlackTitle "FM"]
[WhiteElo "2264"]
[BlackElo "2320"]
[WhiteTeam "Perfect"]
[BlackTeam "Gambit Asseko SEE"]
[WhiteFideId "4104870"]
[BlackFideId "15005267"]
[EventDate "2021.09.18"]
[EventType "team"]

1. e4 c5 2. Nf3 Nc6 3. c3 Nf6 4. d3 e5 5. Nbd2 d5 6. g3 d4 7. c4 h6 8. Be2 Be6
9. O-O g5 10. Ne1 Rg8 11. Ng2 Bd6 12. a3 a5 13. Nf3 Bh3 14. Kh1 Qd7 15. Ng1 h5
16. Nxh3 Qxh3 17. f3 Qd7 18. Bd2 Nh7 19. Qe1 b6 20. Bd1 Ne7 21. Bc2 Ng6 22. b4
a4 23. bxc5 bxc5 24. Qf2 f5 25. exf5 Qxf5 26. f4 exf4 27. gxf4 g4 28. Nh4 Nxh4
29. Qxh4 Kf7 30. Rab1 Ra7 31. Rb6 g3 32. hxg3 Be7 33. Qh2 Nf6 34. Be1 Ng4 35.
Qe2 Ne3 36. Bd1 Qg4 37. Rf3 Bf6 38. Rxe3 Qh3+ 39. Kg1 dxe3 40. Qxh5+ Qxh5 41.
Bxh5+ Ke7 42. Kg2 Bd4 43. Bf3 Rf8 44. Bd5 Rf6 45. Rb5 Raa6 46. Kf3 Rh6 47. Kg2
Rh8 48. Rb7+ Kd8 49. g4 Rah6 50. Bg3 e2 51. Rb1 Bc3 52. f5 Rh3 53. Rb8+ Ke7 54.
Rb7+ Kd8 55. Rb8+ Ke7 56. Rb7+ 1/2-1/2

[Event "36th ECC Open 2021"]
[Site "Struga MKD"]
[Date "2021.09.20"]
[Round "3.11"]
[Board "4"]
[White "Podlesnik, Bogdan"]
[Black "Kurochkin, Victor"]
[Result "1/2-1/2"]
[WhiteTitle "IM"]
[WhiteElo "2327"]
[BlackElo "2407"]
[WhiteTeam "Gambit Asseko SEE"]
[BlackTeam "Perfect"]
[WhiteFideId "14600129"]
[BlackFideId "4105168"]
[EventDate "2021.09.18"]
[EventType "team"]

1. e4 c5 2. Nc3 d6 3. f4 Nc6 4. Nf3 Nf6 5. d4 cxd4 6. Nxd4 g6 7. Be2 Bg7 8. Be3
O-O 9. O-O Bd7 10. Nb3 a5 11. a4 Nb4 12. Bf3 Bc6 13. Nd5 Nbxd5 14. exd5 Bd7 15.
Nd4 Qc8 16. h3 Ne8 17. c3 Nc7 18. Nb3 e6 19. dxe6 Bxe6 20. Nd4 Bc4 21. Re1 d5
22. f5 Qd7 23. Bg4 Qd6 24. Qd2 Rfe8 25. Kh1 Rad8 26. Qf2 Be5 27. Red1 Bg3 28.
Qd2 Be5 29. Bg5 Bf6 30. Bf3 Bxg5 31. Qxg5 Re5 32. Qh4 Kg7 33. b3 Ba6 34. c4 Qf6
35. Qxf6+ Kxf6 36. Nb5 Bxb5 37. axb5 b6 38. fxg6 hxg6 39. Rac1 Ke7 40. c5 Nxb5
41. cxb6 Kd6 42. Ra1 Rb8 43. Rxa5 Rxb6 44. b4 Nc7 45. Rd4 1/2-1/2

[Event "36th ECC Open 2021"]
[Site "Struga MKD"]
[Date "2021.09.20"]
[Round "3.11"]
[Board "5"]
[White "Pleshkov, Mikhail"]
[Black "Zlatkov, Anton"]
[Result "1/2-1/2"]
[WhiteElo "1984"]
[BlackElo "2132"]
[WhiteTeam "Perfect"]
[BlackTeam "Gambit Asseko SEE"]
[WhiteFideId "34106917"]
[BlackFideId "15005402"]
[EventDate "2021.09.18"]
[EventType "team"]

1. d4 Nf6 2. Nf3 g6 3. c4 Bg7 4. g3 O-O 5. Bg2 d6 6. O-O Nbd7 7. Nc3 e5 8. e4 c6
9. h3 Qb6 10. dxe5 dxe5 11. Qc2 Ne8 12. b3 Nc7 13. Na4 Qa6 14. c5 Ne6 15. Rd1
Qa5 16. Bd2 Qc7 17. b4 b5 18. Nb2 Bb7 19. Bc3 Rfd8 20. h4 Ndf8 21. Nd3 Nd4 22.
Nxd4 exd4 23. Bd2 Ne6 24. f4 Nf8 25. Kh2 Bc8 26. Rf1 Bg4 27. Rae1 Qe7 28. f5 Nd7
29. Bg5 f6 30. e5 fxg5 31. f6 Qe6 32. fxg7 h6 33. hxg5 hxg5 34. Qb3 Rac8 35. Re4
Qxb3 36. axb3 Bf5 37. Rxd4 Bxd3 38. Rxd3 Nxe5 39. Rxd8+ Rxd8 40. Re1 Re8 41. Kh1
Kxg7 42. Rd1 Re6 43. Rd8 g4 44. Kg1 Nf3+ 45. Bxf3 gxf3 46. Kf2 Re4 47. Rd6 Rxb4
48. Rxc6 Rxb3 49. Ra6 Kf7 50. Rxa7+ Ke6 51. Ra6+ Kd5 52. Rxg6 Kxc5 53. g4 Kd4
54. Re6 Kd5 55. Re8 1/2-1/2

[Event "36th ECC Open 2021"]
[Site "Struga MKD"]
[Date "2021.09.20"]
[Round "3.11"]
[Board "6"]
[White "Andonovski, Ljubisa"]
[Black "Mindru, Valeriu"]
[Result "1-0"]
[WhiteTitle "FM"]
[WhiteElo "2252"]
[BlackElo "1780"]
[WhiteTeam "Gambit Asseko SEE"]
[BlackTeam "Perfect"]
[WhiteFideId "15000427"]
[BlackFideId "13905775"]
[EventDate "2021.09.18"]
[EventType "team"]

1. d4 Nf6 2. c4 e6 3. Nf3 d5 4. Nc3 Be7 5. g3 O-O 6. Bg2 dxc4 7. Ne5 c6 8. Nxc4
Nbd7 9. O-O Nb6 10. Ne5 Nbd5 11. e4 Nxc3 12. bxc3 Nd7 13. f4 Nxe5 14. fxe5 Bg5
15. Qh5 Bxc1 16. Raxc1 b5 17. Rcd1 Bb7 18. Rf4 Qe7 19. Rdf1 f6 20. exf6 Rxf6 21.
Qh4 Re8 22. Rxf6 gxf6 23. Rxf6 e5 24. Qg5+ Qg7 25. Qxg7+ Kxg7 26. Rd6 Kf7 27.
Kf2 exd4 28. cxd4 Ke7 29. Rh6 Rf8+ 30. Ke3 Rf7 31. e5 Bc8 32. Bxc6 b4 33. d5 1-0

[Event "36th ECC Open 2021"]
[Site "Struga MKD"]
[Date "2021.09.20"]
[Round "3.12"]
[Board "1"]
[White "Llobell Cortell, Enrique"]
[Black "Saraci, Nderim"]
[Result "0-1"]
[WhiteTitle "IM"]
[BlackTitle "IM"]
[WhiteElo "2392"]
[BlackElo "2466"]
[WhiteTeam "Andreu Paterna"]
[BlackTeam "Drejtesia"]
[WhiteFideId "2216116"]
[BlackFideId "6351921"]
[EventDate "2021.09.18"]
[EventType "team"]

1. e4 e5 2. Nf3 Nc6 3. Bc4 Bc5 4. c3 Nf6 5. d4 exd4 6. cxd4 Bb4+ 7. Bd2 Bxd2+ 8.
Nbxd2 d5 9. exd5 Nxd5 10. Qb3 Na5 11. Qa4+ Nc6 12. Qb3 Nce7 13. O-O O-O 14. Rfe1
c6 15. Ne4 Nb6 16. Ne5 Nxc4 17. Qxc4 Nf5 18. Rad1 Be6 19. Qc2 Bd5 20. Nc3 Nh4
21. Nxd5 Qxd5 22. Qe4 Qxe4 23. Rxe4 Nf5 24. Nc4 Rfe8 25. Rxe8+ Rxe8 26. Ne3 Ne7
27. Kf1 Rd8 28. Ke2 f6 29. g3 Kf7 30. Rd3 Ke6 31. Ra3 a6 32. Rd3 Nf5 33. Nxf5
Kxf5 34. Rf3+ Ke6 35. Re3+ Kf7 36. Rb3 Rd7 37. Ke3 Ke6 38. Rc3 Kd6 39. Kd3 Re7
40. Rc1 a5 41. h4 b6 42. Rh1 Kd5 43. f3 h5 44. Rg1 g5 45. Rh1 Rh7 46. Ke3 a4 47.
Rh2 Rg7 48. hxg5 Rxg5 49. Rh1 Kd6 50. Rh3 Ke6 51. Kd3 Rb5 52. Rh2 Rd5 53. Ke3
Rg5 54. Rh3 Kd5 55. Rh1 Rxg3 56. Rxh5+ Ke6 57. Rh2 Rg1 58. Ke4 Re1+ 59. Kd3 Rd1+
60. Ke3 Ra1 61. a3 Rd1 62. Ke4 f5+ 63. Ke3 Kd5 64. Rh5 Rb1 65. Rxf5+ Ke6 66. Rh5
Rxb2 67. Rh6+ Kd5 68. Rh5+ Kc4 69. Rh6 c5 70. dxc5 Rb3+ 71. Kd2 Kxc5 72. Rh5+
Kc6 73. Rh6+ Kb5 74. Rh5+ Ka6 75. Kc2 Rxa3 76. Rf5 b5 77. Rf8 Ka5 78. Rf4 Rb3
79. Rf8 Kb4 80. f4 a3 81. Re8 Rb2+ 82. Kc1 Rf2 83. Re4+ Kb3 84. Re3+ Ka4 85.
Re4+ b4 86. Kb1 a2+ 87. Ka1 Ka3 0-1

[Event "36th ECC Open 2021"]
[Site "Struga MKD"]
[Date "2021.09.20"]
[Round "3.12"]
[Board "2"]
[White "Makolli, Perparim"]
[Black "Sos Andreu, Eric"]
[Result "1/2-1/2"]
[WhiteTitle "FM"]
[BlackTitle "IM"]
[WhiteElo "2249"]
[BlackElo "2355"]
[WhiteTeam "Drejtesia"]
[BlackTeam "Andreu Paterna"]
[WhiteFideId "908630"]
[BlackFideId "22247017"]
[EventDate "2021.09.18"]
[EventType "team"]

1. a3 d5 2. d4 Nf6 3. Nf3 c6 4. e3 Bf5 5. c4 e6 6. Nc3 Nbd7 7. Bd3 Bg6 8. O-O
Bd6 9. Re1 Ne4 10. Bxe4 dxe4 11. Nd2 f5 12. Nf1 Nf6 13. b4 O-O 14. Qb3 Bf7 15.
Rd1 Qe7 16. Bb2 Rad8 17. b5 e5 18. Ne2 cxb5 19. Qxb5 a6 20. Qa4 b5 21. cxb5 axb5
22. Qa5 Ra8 23. Qe1 Bxa3 24. Bxa3 Rxa3 25. Rxa3 Qxa3 26. dxe5 Ng4 27. Nd4 Nxe5
28. Nxb5 Qe7 29. Nd4 Qg5 30. Ng3 g6 31. Qc3 Re8 32. Nge2 Nd3 33. Nc1 Ne5 34.
Nce2 Qh5 35. Qc7 1/2-1/2

[Event "36th ECC Open 2021"]
[Site "Struga MKD"]
[Date "2021.09.20"]
[Round "3.12"]
[Board "3"]
[White "Pallardo Lozoya, Jose Vicente"]
[Black "Bajraktari, Perparim"]
[Result "1-0"]
[WhiteTitle "IM"]
[WhiteElo "2357"]
[BlackElo "2196"]
[WhiteTeam "Andreu Paterna"]
[BlackTeam "Drejtesia"]
[WhiteFideId "2230380"]
[BlackFideId "1307711"]
[EventDate "2021.09.18"]
[EventType "team"]

1. e4 d6 2. d4 g6 3. Nf3 Bg7 4. h3 Nf6 5. Bd3 O-O 6. O-O c5 7. dxc5 dxc5 8. c3
Nc6 9. Na3 a6 10. Be3 Nd7 11. Qc1 Nde5 12. Nxe5 Nxe5 13. Be2 Qc7 14. Bh6 b5 15.
Bxg7 Kxg7 16. Qe3 Bb7 17. Rfe1 Rad8 18. Nc2 Nd7 19. a4 Nf6 20. axb5 axb5 21.
Bxb5 Bxe4 22. Na3 e6 23. Bf1 Rb8 24. Nb5 Rxb5 25. Bxb5 Bxg2 26. Kxg2 Qb7+ 27.
Kg1 Qxb5 28. Qe5 Rd8 29. Rad1 Rd5 30. Rxd5 exd5 31. Re2 Qd3 32. Kh2 d4 33. cxd4
cxd4 34. b4 Qf3 35. Rd2 Kg8 36. Qxd4 Ne4 37. Qd8+ Kg7 38. Qd4+ Kg8 39. Rd3 Qf4+
40. Kg2 Qf5 41. b5 Qg5+ 42. Kf1 Nf6 43. b6 Qc1+ 44. Rd1 Qc6 45. Kg1 Nh5 46. Rb1
Qb7 47. Rc1 1-0

[Event "36th ECC Open 2021"]
[Site "Struga MKD"]
[Date "2021.09.20"]
[Round "3.12"]
[Board "4"]
[White "Asllani, Muhamet"]
[Black "Ibanez Aullana, Ramon"]
[Result "0-1"]
[BlackTitle "FM"]
[WhiteElo "2225"]
[BlackElo "2269"]
[WhiteTeam "Drejtesia"]
[BlackTeam "Andreu Paterna"]
[WhiteFideId "22100300"]
[BlackFideId "2207532"]
[EventDate "2021.09.18"]
[EventType "team"]

1. e4 g6 2. d4 Bg7 3. Bc4 c6 4. Qf3 e6 5. c3 d5 6. Bd3 dxe4 7. Qxe4 e5 8. Qe2
Qe7 9. dxe5 Bxe5 10. Nf3 Bg7 11. Be3 Nf6 12. O-O O-O 13. Re1 Nd5 14. Nbd2 Nxe3
15. Qxe3 Qxe3 16. Rxe3 Nd7 17. Rae1 Nc5 18. Bc2 Bd7 19. b4 Ne6 20. Nc4 Nf4 21.
Nfe5 Be6 22. Nd6 a5 23. a3 axb4 24. cxb4 Bd5 25. Nf3 b5 26. g3 Nh3+ 27. Kf1 Bh6
28. Rc3 Ng5 29. Ne5 Bg7 30. f4 Nf3 31. Re2 Nxe5 32. fxe5 Rfd8 33. Nb7 Re8 34.
Rce3 Ra7 35. Nd6 Rea8 36. Be4 Bxe4 37. Rxe4 Rxa3 38. e6 fxe6 39. Rxe6 Ra1+ 40.
Kg2 R1a2 41. Nb7 Rxe2+ 42. Rxe2 Ra4 43. Nd8 Rxb4 44. Nxc6 Rb2 45. Rxb2 Bxb2 46.
Kf3 Kf7 47. Ke4 Ke6 48. Na5 Kd6 49. Nb3 Kc6 50. g4 Bf6 51. h3 b4 52. Nd2 Kc5 53.
Kd3 Kd5 54. Nb3 Ke5 55. Nd4 Kf4 56. Ne6+ Kg3 57. Nf8 Kxh3 58. Nxh7 Be7 59. g5
Kg4 60. Kc4 Kf5 61. Kb3 Ke6 62. Kc4 Kf7 63. Nf6 Bxf6 64. gxf6 Kxf6 0-1

[Event "36th ECC Open 2021"]
[Site "Struga MKD"]
[Date "2021.09.20"]
[Round "3.12"]
[Board "5"]
[White "Torres Sanchez, Jose"]
[Black "Zymberi, Astrit"]
[Result "1-0"]
[WhiteTitle "FM"]
[WhiteElo "2271"]
[BlackElo "2107"]
[WhiteTeam "Andreu Paterna"]
[BlackTeam "Drejtesia"]
[WhiteFideId "2217210"]
[BlackFideId "4700295"]
[EventDate "2021.09.18"]
[EventType "team"]

1. Nf3 d5 2. b3 c6 3. Bb2 Bg4 4. e3 Nd7 5. c4 e6 6. Be2 Ngf6 7. O-O Bd6 8. Nc3
O-O 9. d4 h6 10. h3 Bf5 11. Bd3 Re8 12. Rc1 Bxd3 13. Qxd3 dxc4 14. bxc4 e5 15.
Nd2 exd4 16. exd4 Bf4 17. Rcd1 Qb6 18. Nb3 Rad8 19. Rfe1 Bb8 20. Rxe8+ Rxe8 21.
Qf1 h5 22. h4 Ng4 23. g3 f5 24. Re1 Rf8 25. f4 a5 26. Ba3 Rf6 27. Re8+ Kh7 28.
Qd3 Nh6 29. Re7 Qd8 30. Kf1 Bd6 31. Bxd6 Rxd6 32. Qe2 Nf6 33. Rxb7 a4 34. Nc5
Ne4 35. N3xe4 fxe4 36. Qxe4+ Kh8 37. Qe5 Qf8 38. Ne6 Rxe6 39. Qxe6 Nf5 40. Kg2
Nxd4 41. Qf7 Qxf7 42. Rxf7 1-0

[Event "36th ECC Open 2021"]
[Site "Struga MKD"]
[Date "2021.09.20"]
[Round "3.12"]
[Board "6"]
[White "Bahtiri, Sabri"]
[Black "Gimeno Higueras, Roberto"]
[Result "1-0"]
[WhiteElo "2010"]
[BlackElo "2214"]
[WhiteTeam "Drejtesia"]
[BlackTeam "Andreu Paterna"]
[WhiteFideId "3600114"]
[BlackFideId "2258420"]
[EventDate "2021.09.18"]
[EventType "team"]

1. e4 c6 2. d4 d5 3. Nc3 dxe4 4. Nxe4 Bf5 5. Ng3 Bg6 6. Nf3 Nd7 7. h4 h6 8. h5
Bh7 9. Bd3 Bxd3 10. Qxd3 Ngf6 11. Bd2 e6 12. O-O-O a5 13. Rhe1 Be7 14. c4 a4 15.
Bc3 a3 16. b3 b5 17. c5 Nd5 18. Bd2 O-O 19. Ne4 N5f6 20. Nxf6+ Bxf6 21. Be3 Re8
22. Qe4 Qa5 23. Bd2 Qc7 24. Bf4 e5 25. Bxe5 Bxe5 26. Nxe5 Rxe5 27. dxe5 Nxc5 28.
Qe3 Qe7 29. Rd6 Nb7 30. Rxc6 Na5 31. Rc2 Qb4 32. Rd1 Qe7 33. f4 Qb4 34. g3 Kh8
35. Kb1 Qe7 36. Qc5 Qb7 37. Qd5 Qa7 38. Qxb5 Rb8 39. Qc5 Qa6 40. Qxa3 Qb5 41.
Kb2 Nc4+ 42. Rxc4 Qxc4 43. Qf8+ 1-0

[Event "36th ECC Open 2021"]
[Site "Struga MKD"]
[Date "2021.09.20"]
[Round "3.13"]
[Board "1"]
[White "Kjartansson, Gudmundur"]
[Black "Schreiner, Peter"]
[Result "1/2-1/2"]
[WhiteTitle "GM"]
[BlackTitle "IM"]
[WhiteElo "2447"]
[BlackElo "2440"]
[WhiteTeam "Reykjavik"]
[BlackTeam "SV Raika Rapid Feffernitz"]
[WhiteFideId "2301318"]
[BlackFideId "1621645"]
[EventDate "2021.09.18"]
[EventType "team"]

1. d4 Nf6 2. c4 g6 3. Nc3 Bg7 4. e4 d6 5. f3 a6 6. Be3 O-O 7. Bd3 c5 8. dxc5
dxc5 9. Bxc5 Nc6 10. Nge2 Ne5 11. Nc1 Qc7 12. Nb3 b6 13. Bd4 e6 14. Qe2 Nh5 15.
g3 Rd8 16. O-O-O b5 17. cxb5 axb5 18. Bxb5 Bf8 19. f4 Nc6 20. Qc4 Bb7 21. Kb1
Rdc8 22. Be3 Qb8 23. Qe2 Na7 24. Bd3 Nc6 25. Bb5 Na7 26. Bd3 Nc6 27. a3 Nf6 28.
e5 Nd5 29. Nxd5 exd5 30. e6 fxe6 31. Bc5 e5 32. Bxf8 Rxf8 33. Nc5 Bc8 34. fxe5
Nxe5 35. Bc2 Bg4 36. Qd2 Bf3 1/2-1/2

[Event "36th ECC Open 2021"]
[Site "Struga MKD"]
[Date "2021.09.20"]
[Round "3.13"]
[Board "2"]
[White "Diermair, Andreas"]
[Black "Sulypa, Oleksandr"]
[Result "1/2-1/2"]
[WhiteTitle "GM"]
[BlackTitle "GM"]
[WhiteElo "2480"]
[BlackElo "2455"]
[WhiteTeam "SV Raika Rapid Feffernitz"]
[BlackTeam "Reykjavik"]
[WhiteFideId "1612468"]
[BlackFideId "14100487"]
[EventDate "2021.09.18"]
[EventType "team"]

1. d4 d5 2. c4 e6 3. Nc3 Bb4 4. a3 Bxc3+ 5. bxc3 c5 6. e3 Nf6 7. cxd5 exd5 8.
Bd3 O-O 9. Ne2 b6 10. O-O Ba6 11. f3 Bxd3 12. Qxd3 Re8 13. Ng3 Nc6 14. Bb2 h5
15. e4 h4 16. Nf5 g6 17. Nxh4 dxe4 18. fxe4 Nxe4 19. Rf4 f5 20. Raf1 Ne7 21.
Nxf5 Nxf5 22. Rxe4 Rxe4 23. Qxe4 Qe8 24. Qd5+ Kh7 25. Qb7+ Kg8 26. Bc1 cxd4 27.
cxd4 Rc8 28. Qd5+ Kh7 29. Bg5 Rc7 30. Qf3 Rd7 31. d5 Qe5 32. Rd1 Kg8 33. Bf4 Qf6
34. Qd3 Nd6 35. Bg3 Nf5 36. Bf4 Nd6 37. Bd2 Rf7 38. Rf1 Nf5 39. Bb4 Qg5 40. Bd2
Qf6 41. g4 Qd4+ 42. Qxd4 Nxd4 43. Rxf7 Kxf7 44. Kf2 Nb5 45. a4 Nc7 46. d6 Nd5
47. Kg3 Ke6 48. Kh4 Nf6 49. a5 Ne4 50. axb6 axb6 51. Bb4 b5 52. Ba3 Kd7 1/2-1/2

[Event "36th ECC Open 2021"]
[Site "Struga MKD"]
[Date "2021.09.20"]
[Round "3.13"]
[Board "3"]
[White "Petursson, Margeir"]
[Black "Pacher, Simon"]
[Result "1-0"]
[WhiteTitle "GM"]
[WhiteElo "2442"]
[BlackElo "1992"]
[WhiteTeam "Reykjavik"]
[BlackTeam "SV Raika Rapid Feffernitz"]
[WhiteFideId "2300028"]
[BlackFideId "1621084"]
[EventDate "2021.09.18"]
[EventType "team"]

1. c4 e5 2. g3 c6 3. d4 e4 4. a3 d5 5. Nc3 h6 6. Bg2 Nf6 7. f3 exf3 8. Nxf3 dxc4
9. O-O Be7 10. e4 O-O 11. Ne5 Be6 12. d5 Qb6+ 13. Kh1 Rd8 14. Nxc4 Qc5 15. Ne3
h5 16. h3 cxd5 17. exd5 Qc8 18. Kh2 h4 19. g4 Bd6+ 20. Kh1 Be5 21. Qf3 Bxc3 22.
dxe6 Qxe6 23. bxc3 Nc6 24. Nf5 Rd7 25. Bg5 Ne5 26. Qe2 Nd5 27. c4 Nc3 28. Qe1
Rd3 29. Ne7+ Kf8 30. Qxe5 1-0